书目信息 |
| 题名: |
旅行社信息系统
|
|
| 作者: | 蒋颉 主编 | |
| 分册: | ||
| 出版信息: | 大连 大连理工大学出版社 2013 |
|
| 页数: | 171页 | |
| 开本: | 26cm | |
| 丛书名: | ||
| 单 册: | ||
| 中图分类: | F590.654-39 | |
| 科图分类: | ||
| 主题词: | 旅行社--信息系统--高等职业教育--教材 | |
| 电子资源: | ||
| ISBN: | 978-7-5611-8286-4 | |
| 000 | 00978nam0 2200253 450 | |
| 001 | 0103115244 | |
| 005 | 20140404155531.0 | |
| 010 | @a978-7-5611-8286-4@dCNY25.00 | |
| 100 | @a20140324d2013 em y0chiy0120 ea | |
| 101 | 0 | @achi |
| 102 | @aCN@b210000 | |
| 105 | @ay z 000yy | |
| 106 | @ar | |
| 200 | 1 | @a旅行社信息系统@9Lu^ Xing;Hang;Heng She Xin Xi Xi;Ji Tong @e业务、流程与操作@f蒋颉主编@b专著 |
| 210 | @a大连@c大连理工大学出版社@d2013 | |
| 215 | @a171页@d26cm | |
| 300 | @a新世纪高职高专旅游管理类课程规划教材 | |
| 304 | @a新世纪高职高专教材编审委员会组编 | |
| 330 | @a本书围绕旅行社业务来组织编写,主要介绍了旅行社经营业务、旅行社信息系统、旅游产品开发、旅游线路设计、旅游资源采购、旅游线路商品化团计划管理、产品销售、业务结算、客户关系管理、业绩管理等内容。 | |
| 606 | 0 | @a旅行社@x信息系统@x高等职业教育@j教材 |
| 690 | @aF590.654-39@v5 | |
| 701 | 0 | @a蒋颉@c(女,@f1968~)@4主编@9jiang xie |
| 801 | 0 | @aCN@bAZmarc@c20230901 |
| 905 | @aBZT@dF590@e90@f5@sF590/90 | |
| 旅行社信息系统:业务、流程与操作/蒋颉主编.-大连:大连理工大学出版社,2013 |
| 171页;26cm |
| 新世纪高职高专旅游管理类课程规划教材 |
| ISBN 978-7-5611-8286-4:CNY25.00 |
| 本书围绕旅行社业务来组织编写,主要介绍了旅行社经营业务、旅行社信息系统、旅游产品开发、旅游线路设计、旅游资源采购、旅游线路商品化团计划管理、产品销售、业务结算、客户关系管理、业绩管理等内容。 |
| ● |
| 相关链接 |
|
|
|
正题名:旅行社信息系统
索取号:F590/90
 
预约/预借
| 序号 | 登录号 | 条形码 | 馆藏地/架位号 | 状态 | 备注 |
| 1 | 2000011178 | 2000011178 | 旧书回溯/ [索取号:F590/90] | 在馆 | |
| 2 | 2000011179 | 2000011179 | 旧书回溯/ [索取号:F590/90] | 在馆 | |
| 3 | 2000011180 | 2000011180 | 旧书回溯/ [索取号:F590/90] | 在馆 | |
| 4 | 2000011181 | 2000011181 | 旧书回溯/ [索取号:F590/90] | 在馆 | |
| 5 | 2000011182 | 2000011182 | 旧书回溯/ [索取号:F590/90] | 在馆 |